[Event "Junior Online 4NCL Division 5"]
[Site "online"]
[Date "2020.04.16"]
[Round "1.144"]
[White "Pennington, Jonathan"]
[Black "Polyzos, Apostolos"]
[Result "0-1"]
[WhiteElo "1037"]
[BlackElo "850"]
[PlyCount "122"]
[EventDate "2020.04.16"]
[WhiteTeam "SASCA Sharks"]
[BlackTeam "Blue Foxes 1"]

1. d4 d5 2. c4 dxc4 3. Nc3 Nc6 4. Nf3 Nf6 5. Bg5 Bg4 6. e3 Bxf3 7. Qxf3 Ng8 8.
Bxc4 Nf6 9. O-O Qd7 10. Bxf6 gxf6 11. Qd5 Qc8 12. Qxf7+ Kd8 13. d5 Na5 14. d6
Nxc4 15. Qxc4 cxd6 16. Qxc8+ Kxc8 17. Nd5 Rg8 18. Rac1+ Kd8 19. Rc7 Ke8 20.
Rfc1 Rg5 21. Nf4 Rf5 22. Ne6 Bh6 23. e4 Re5 24. Ng5 Bxg5 25. R1c3 Rxe4 26. h3
Bf4 27. g3 Re1+ 28. Kg2 Bd2 29. Rc2 Bb4 30. a3 Bc5 31. b4 Bd4 32. R2c4 Bb2 33.
Rc2 Bxa3 34. R2c4 Bb2 35. h4 h5 36. g4 Kd8 37. Rxb7 Ke8 38. gxh5 Kf8 39. h6 Kg8
40. Rxe7 Kh8 41. Rg7 Rae8 42. h7 f5 43. Rcc7 Bxg7 44. Rxg7 Kxg7 45. h8=Q+ Rxh8
46. b5 Rxh4 47. Kg3 Rh6 48. f3 Rg6+ 49. Kf4 Ree6 50. Kxf5 Rgf6+ 51. Kg5 Rxf3
52. b6 axb6 53. Kg4 Rfe3 54. Kf5 b5 55. Kf4 b4 56. Kf5 b3 57. Kf4 b2 58. Kg5
b1=Q 59. Kf4 Qe4+ 60. Kg5 Rg6+ 61. Kh5 Rh3# 0-1

[Event "Junior Online 4NCL Division 5"]
[Site "online"]
[Date "2020.04.16"]
[Round "1.145"]
[White "Krajci, Patrik"]
[Black "Das, Anish"]
[Result "1-0"]
[WhiteElo "1255"]
[BlackElo "887"]
[PlyCount "77"]
[EventDate "2020.04.16"]
[WhiteTeam "SASCA Sharks"]
[BlackTeam "Blue Foxes 1"]

1. e4 e5 2. Nf3 Nc6 3. Bc4 h6 4. O-O Bc5 5. Nxe5 Nxe5 6. d4 Nxc4 7. dxc5 Nf6 8.
Qd4 d5 9. exd5 Qxd5 10. Re1+ Be6 11. Qxd5 Nxd5 12. b3 Na5 13. c4 Nf6 14. Nc3
O-O-O 15. Bf4 Rhe8 16. Nb5 Rd7 17. Nxa7+ Kb8 18. Nb5 Nh5 19. Bd2 Rd6 20. cxd6
cxd6 21. Nxd6 Rd8 22. Bxa5 b6 23. Bxb6 Rxd6 24. Bc5 Rc6 25. Be3 g5 26. Rad1 f5
27. Rd8+ Kc7 28. Red1 f4 29. Bc1 Nf6 30. Rf8 Rd6 31. Rxd6 Kxd6 32. Rxf6 Ke7 33.
Rxh6 Kf7 34. h4 Kg7 35. Rxe6 gxh4 36. c5 Kf7 37. Rh6 Kg7 38. c6 Kxh6 39. c7 1-0

[Event "Junior Online 4NCL Division 5"]
[Site "online"]
[Date "2020.04.16"]
[Round "1.146"]
[White "Kula, Michal"]
[Black "Atkinson, Matthew"]
[Result "0-1"]
[WhiteElo "850"]
[BlackElo "1247"]
[PlyCount "58"]
[EventDate "2020.04.16"]
[WhiteTeam "Blue Foxes 1"]
[BlackTeam "SASCA Sharks"]

1. e4 e5 2. Nf3 Nc6 3. Ng5 Qxg5 4. Bc4 Qxg2 5. Rf1 Nf6 6. d3 d5 7. exd5 Nxd5 8.
f3 Be6 9. Rf2 Qg1+ 10. Rf1 Qxh2 11. d4 Ne3 12. Bxe3 Bxc4 13. Rf2 Qh1+ 14. Rf1
Qxf1+ 15. Kd2 Qxd1+ 16. Kxd1 Nxd4 17. Na3 Be2+ 18. Kd2 Bxf3 19. Rf1 Bd5 20. c3
Nc6 21. Nb5 O-O-O 22. Bg5 Be7 23. Be3 f6 24. Rg1 g5 25. b3 h5 26. c4 Be4+ 27.
Kc3 g4 28. Rf1 h4 29. Rf2 g3 0-1

[Event "Junior Online 4NCL Division 5"]
[Site "online"]
[Date "2020.04.16"]
[Round "1.147"]
[White "Harper, Luke"]
[Black "Das, Aman"]
[Result "1-0"]
[WhiteElo "1075"]
[BlackElo "850"]
[PlyCount "117"]
[EventDate "2020.04.16"]
[WhiteTeam "SASCA Sharks"]
[BlackTeam "Blue Foxes 1"]

1. d4 d5 2. c4 dxc4 3. Nc3 Nc6 4. e3 Nf6 5. Bxc4 Bf5 6. Nge2 e6 7. a3 Bd6 8. b4
b6 9. Bd3 a5 10. Bxf5 exf5 11. bxa5 bxa5 12. Rb1 Rb8 13. Rxb8 Qxb8 14. O-O O-O
15. f3 Re8 16. Qd3 Qa7 17. e4 fxe4 18. fxe4 Ne7 19. e5 Bxe5 20. Be3 Bd6 21. Nb5
Qb6 22. Nxd6 Qxd6 23. Bf4 Qd8 24. Be5 Ng4 25. Qg3 Nxe5 26. Qxe5 Nc6 27. Qh5 g6
28. Qf3 Nxd4 29. Qxf7+ Kh8 30. Nxd4 Qe7 31. Qxe7 Rxe7 32. Nc6 Re3 33. Nxa5 c5
34. Rc1 Re5 35. Kf2 Kg8 36. g4 h5 37. gxh5 gxh5 38. h4 Kg7 39. Nb3 Kg6 40. Rxc5
Rxc5 41. Nxc5 Kf5 42. a4 Kg4 43. a5 Kxh4 44. a6 Kg4 45. a7 h4 46. a8=Q h3 47.
Qf3+ Kh4 48. Qg3+ Kh5 49. Kf3 h2 50. Qxh2+ Kg5 51. Qf4+ Kg6 52. Kg4 Kh7 53.
Qf5+ Kg7 54. Kg5 Kh8 55. Qf6+ Kh7 56. Qg6+ Kh8 57. Qe8+ Kh7 58. Kf6 Kh6 59.
Qg6# 1-0

[Event "Junior Online 4NCL Division 5"]
[Site "online"]
[Date "2020.04.16"]
[Round "1.148"]
[White "Polyzos, Apostolos"]
[Black "Pennington, Jonathan"]
[Result "0-1"]
[WhiteElo "850"]
[BlackElo "1037"]
[PlyCount "68"]
[EventDate "2020.04.16"]
[WhiteTeam "Blue Foxes 1"]
[BlackTeam "SASCA Sharks"]

1. e4 e5 2. Nf3 Nc6 3. Nc3 Bb4 4. Bb5 d6 5. O-O Bg4 6. Bxc6+ bxc6 7. Re1 Nf6 8.
d3 Bxc3 9. bxc3 O-O 10. h3 Bh5 11. Bg5 h6 12. Be3 Nd7 13. Rf1 Qf6 14. Qc1 Bxf3
15. gxf3 Qxf3 16. Bd2 Qxh3 17. Be3 Nf6 18. f3 Nh5 19. Qd2 Ng3 20. Kf2 Nxf1 21.
Ke1 Nxd2 22. Kxd2 Qxf3 23. Re1 Qg2+ 24. Re2 Qg4 25. Rf2 f5 26. a3 f4 27. Bxf4
exf4 28. Re2 f3 29. Re3 Qf4 30. a4 f2 31. Kc1 Qxe3+ 32. Kb2 f1=Q 33. Kb3 Qb6+
34. Kc4 Qf7# 0-1

[Event "Junior Online 4NCL Division 5"]
[Site "online"]
[Date "2020.04.16"]
[Round "1.152"]
[White "Gadhia, Sathya"]
[Black "Babu, Guhan"]
[Result "0-1"]
[WhiteElo "812"]
[BlackElo "1105"]
[PlyCount "22"]
[EventDate "2020.04.16"]
[WhiteTeam "Blue Foxes 2"]
[BlackTeam "Robin Hoods 5"]

1. Nf3 Nc6 2. Nc3 Nf6 3. d4 d5 4. e3 Bf5 5. Bb5 e6 6. O-O Bd6 7. Na4 Ng4 8. h3
Nxf2 9. Qd2 Ne4 10. Qd1 Qf6 11. Bxc6+ bxc6 0-1

[Event "Junior Online 4NCL Division 5"]
[Site "online"]
[Date "2020.04.16"]
[Round "1.153"]
[White "Ying, Alexander"]
[Black "Jackson, Will"]
[Result "1/2-1/2"]
[WhiteElo "1097"]
[BlackElo "850"]
[PlyCount "81"]
[EventDate "2020.04.16"]
[WhiteTeam "Robin Hoods 5"]
[BlackTeam "Blue Foxes 2"]

1. e4 e5 2. Nf3 d6 3. Bc4 Bg4 4. h3 Bxf3 5. Qxf3 Nf6 6. Nc3 Be7 7. O-O g6 8.
Qe3 Nh5 9. d4 exd4 10. Qxd4 Bf6 11. Qd1 Bxc3 12. bxc3 Nc6 13. Be3 Ne5 14. Qd5
Nxc4 15. Qxc4 Nf6 16. Rfd1 b6 17. e5 Nh5 18. Qc6+ Qd7 19. Qxa8+ Qd8 20. Qxd8+
Kxd8 21. exd6 cxd6 22. Rd5 Kd7 23. g4 Nf6 24. Rd2 Re8 25. Rad1 Kc7 26. g5 Ne4
27. Rd4 Nxc3 28. Rc4+ Kb7 29. Rxc3 d5 30. Rxd5 Re4 31. Rd7+ Ka6 32. Ra3+ Kb5
33. Raxa7 Ra4 34. Rxa4 Kxa4 35. Rxf7 b5 36. Rxh7 b4 37. f4 Ka3 38. Bc5 Ka4 39.
Rb7 Ka5 40. Bxb4+ Ka4 41. h4 1/2-1/2

[Event "Junior Online 4NCL Division 5"]
[Site "online"]
[Date "2020.04.16"]
[Round "1.157"]
[White "Jackson, Will"]
[Black "Ying, Alexander"]
[Result "0-1"]
[WhiteElo "850"]
[BlackElo "1097"]
[PlyCount "32"]
[EventDate "2020.04.16"]
[WhiteTeam "Blue Foxes 2"]
[BlackTeam "Robin Hoods 5"]

1. e4 e5 2. Bb5 Nf6 3. Bc4 Nxe4 4. Nc3 Nxc3 5. dxc3 Bc5 6. Qd5 d6 7. Nf3 Nc6 8.
Bb5 Bd7 9. Bxc6 Bxc6 10. Qd3 O-O 11. Bg5 Qd7 12. O-O e4 13. Qd2 exf3 14. gxf3
Bxf3 15. Rfe1 Qh3 16. Qe3 Qg2# 0-1

[Event "Junior Online 4NCL Division 5"]
[Site "online"]
[Date "2020.04.16"]
[Round "1.158"]
[White "Bradley, Adam"]
[Black "Mittal, Aarav"]
[Result "1-0"]
[WhiteElo "1075"]
[BlackElo "812"]
[PlyCount "31"]
[EventDate "2020.04.16"]
[WhiteTeam "Robin Hoods 5"]
[BlackTeam "Blue Foxes 2"]

1. e4 e5 2. Nf3 Nf6 3. Nc3 Nc6 4. Bc4 Bc5 5. Ng5 h6 6. Nxf7 O-O 7. Nxd8+ Rf7 8.
Bxf7+ Kh7 9. O-O Ng4 10. Qxg4 d6 11. Qg6+ Kh8 12. Nd5 Nd4 13. Nf6 gxf6 14.
Qxf6+ Kh7 15. Qg6+ Kh8 16. Qxh6# 1-0

[Event "Junior Online 4NCL Division 5"]
[Site "online"]
[Date "2020.04.16"]
[Round "1.161"]
[White "Tang, Kei Hon"]
[Black "Rajesh, Shradha"]
[Result "0-1"]
[WhiteElo "775"]
[BlackElo "1240"]
[PlyCount "92"]
[EventDate "2020.04.16"]
[WhiteTeam "Uxbridge Juniors B2"]
[BlackTeam "Harrow Juniors E"]

1. Nf3 f5 2. Nc3 d6 3. d4 Nf6 4. Bg5 h6 5. Bxf6 gxf6 6. h4 e5 7. dxe5 fxe5 8.
b4 f4 9. Ne4 Nc6 10. g4 Bg7 11. b5 Ne7 12. g5 hxg5 13. Nexg5 Bg4 14. Nd2 Qd7
15. f3 Bf5 16. Qb1 Bf6 17. Nh3 Bxh4+ 18. Kd1 Nd5 19. e4 Nc3+ 20. Kc1 Nxb1 21.
Nxb1 Bxh3 22. Bxh3 Qxb5 23. Na3 Qa6 24. c4 Qxa3+ 25. Kc2 Qxf3 26. a3 Qxe4+ 27.
Kc3 d5 28. cxd5 Qd4+ 29. Kc2 Qxd5 30. Kb2 c5 31. Rhd1 Qe4 32. Kc3 Qe3+ 33. Kb2
Qxh3 34. Rh1 Qg2+ 35. Kb3 Qf3+ 36. Kb2 e4 37. Rhf1 Bf6+ 38. Kc2 Qd3+ 39. Kc1
Qxf1+ 40. Kc2 Rh2+ 41. Kb3 Qd3+ 42. Ka4 b5+ 43. Ka5 Bd8+ 44. Ka6 b4+ 45. Kb7
Qd5+ 46. Ka6 Qc6# 0-1

[Event "Junior Online 4NCL Division 5"]
[Site "online"]
[Date "2020.04.16"]
[Round "1.162"]
[White "Cann, Arthur"]
[Black "Agarwal, Avi"]
[Result "1-0"]
[WhiteElo "1240"]
[BlackElo "737"]
[PlyCount "25"]
[EventDate "2020.04.16"]
[WhiteTeam "Harrow Juniors E"]
[BlackTeam "Uxbridge Juniors B2"]

1. e4 e5 2. Nf3 Nc6 3. d4 exd4 4. Nxd4 d5 5. Nxc6 bxc6 6. exd5 cxd5 7. Bb5+ c6
8. Bxc6+ Bd7 9. Bxa8 Qxa8 10. O-O Nf6 11. Qe2+ Be7 12. Re1 Rf8 13. Qxe7# 1-0

[Event "Junior Online 4NCL Division 5"]
[Site "online"]
[Date "2020.04.16"]
[Round "1.163"]
[White "Watson, Lewis"]
[Black "Pipalia, Rishi"]
[Result "0-1"]
[WhiteElo "737"]
[BlackElo "1105"]
[PlyCount "28"]
[EventDate "2020.04.16"]
[WhiteTeam "Uxbridge Juniors B2"]
[BlackTeam "Harrow Juniors E"]

1. e4 e5 2. Nf3 Nc6 3. Nc3 Nf6 4. Nd5 Nxd5 5. exd5 Ne7 6. Nxe5 d6 7. Bb5+ c6 8.
Bd3 dxe5 9. O-O Qxd5 10. Re1 b6 11. a4 Bb7 12. Bf5 Nxf5 13. d3 c5 14. c4 Qxg2#
0-1

[Event "Junior Online 4NCL Division 5"]
[Site "online"]
[Date "2020.04.16"]
[Round "1.164"]
[White "Evans, Joseph"]
[Black "Degun, Rubind"]
[Result "1-0"]
[WhiteElo "1007"]
[BlackElo "737"]
[PlyCount "53"]
[EventDate "2020.04.16"]
[WhiteTeam "Harrow Juniors E"]
[BlackTeam "Uxbridge Juniors B2"]

1. c4 e5 2. g3 Bc5 3. e3 Nh6 4. Bg2 Qf6 5. Ne2 Nf5 6. O-O O-O 7. Nbc3 d6 8. Nd5
c6 9. Nc7 Qe7 10. Nxa8 d5 11. cxd5 cxd5 12. Bxd5 Qd6 13. Bg2 b5 14. f4 g6 15.
fxe5 Qxe5 16. d4 Qd6 17. dxc5 Qxd1 18. Rxd1 Nxe3 19. Bxe3 f5 20. c6 Rf6 21. c7
Nd7 22. Bc6 Ne5 23. Bxb5 Nf3+ 24. Kh1 Rf8 25. Bc4+ Kh8 26. Bd4+ Rf6 27. Bxf6#
1-0

[Event "Junior Online 4NCL Division 5"]
[Site "online"]
[Date "2020.04.16"]
[Round "1.165"]
[White "Rajesh, Shradha"]
[Black "Tang, Kei Hon"]
[Result "1-0"]
[WhiteElo "1240"]
[BlackElo "775"]
[PlyCount "53"]
[EventDate "2020.04.16"]
[WhiteTeam "Harrow Juniors E"]
[BlackTeam "Uxbridge Juniors B2"]

1. c4 Nc6 2. e3 e5 3. Nc3 Nf6 4. d4 Bb4 5. d5 Bxc3+ 6. bxc3 Na5 7. Nf3 e4 8.
Nd4 c5 9. Nb3 Nxc4 10. Bxc4 O-O 11. Nxc5 Qa5 12. Qd4 b6 13. Nb3 Qa4 14. O-O Ba6
15. Bxa6 Qxa6 16. Bb2 Rac8 17. c4 Rxc4 18. Qd2 Qa4 19. Bxf6 gxf6 20. Rac1 Rxc1
21. Rxc1 f5 22. Nd4 f4 23. exf4 Re8 24. Qe3 Qxa2 25. Qg3+ Kf8 26. Nf5 Qxd5 27.
Qg7# 1-0

[Event "Junior Online 4NCL Division 5"]
[Site "online"]
[Date "2020.04.16"]
[Round "1.166"]
[White "Agarwal, Avi"]
[Black "Cann, Arthur"]
[Result "0-1"]
[WhiteElo "737"]
[BlackElo "1240"]
[PlyCount "54"]
[EventDate "2020.04.16"]
[WhiteTeam "Uxbridge Juniors B2"]
[BlackTeam "Harrow Juniors E"]

1. d4 d5 2. e3 Nc6 3. Nf3 Nf6 4. Nc3 Bg4 5. h3 Bf5 6. Nh4 e6 7. Bd3 Bxd3 8.
cxd3 Nb4 9. Qa4+ Qd7 10. Qxb4 Bxb4 11. a3 Bxc3+ 12. bxc3 Qc6 13. O-O Qxc3 14.
Rb1 Qxd3 15. Rxb7 Qa6 16. Rxc7 Qb6 17. Rc5 Qd6 18. Bd2 g5 19. Nf3 g4 20. hxg4
Nxg4 21. Ne5 Nxe5 22. Bb4 Nd3 23. Ba5 Nxc5 24. dxc5 Qxc5 25. Bd2 Qd6 26. Rc1
Kd7 27. Ba5 Rac8 0-1

[Event "Junior Online 4NCL Division 5"]
[Site "online"]
[Date "2020.04.16"]
[Round "1.167"]
[White "Pipalia, Rishi"]
[Black "Watson, Lewis"]
[Result "1-0"]
[WhiteElo "1105"]
[BlackElo "737"]
[PlyCount "41"]
[EventDate "2020.04.16"]
[WhiteTeam "Harrow Juniors E"]
[BlackTeam "Uxbridge Juniors B2"]

1. e4 d5 2. exd5 Qxd5 3. Nc3 Qd8 4. Nf3 Nf6 5. Bc4 Nc6 6. Ng5 Nb4 7. Nxf7 Nxc2+
8. Qxc2 c5 9. Nxd8 e6 10. Qa4+ Kxd8 11. O-O b6 12. Qc6 Ba6 13. Qxa8+ Kc7 14.
Bxa6 Kd7 15. Qxa7+ Kd8 16. Qxb6+ Kd7 17. Bb5+ Kc8 18. Qxe6+ Kc7 19. Qc6+ Kd8
20. Nd5 Nxd5 21. Qd7# 1-0

[Event "Junior Online 4NCL Division 5"]
[Site "online"]
[Date "2020.04.16"]
[Round "1.168"]
[White "Degun, Rubind"]
[Black "Evans, Joseph"]
[Result "0-1"]
[WhiteElo "737"]
[BlackElo "1007"]
[PlyCount "38"]
[EventDate "2020.04.16"]
[WhiteTeam "Uxbridge Juniors B2"]
[BlackTeam "Harrow Juniors E"]

1. e4 c5 2. Bc4 e6 3. Qf3 Ne7 4. Nc3 g6 5. g3 Bg7 6. Nge2 Nbc6 7. O-O Ne5 8.
Qf4 Nxc4 9. d3 Na5 10. b4 cxb4 11. a3 bxc3 12. Nxc3 O-O 13. Na4 Bxa1 14. Nc5
Bd4 15. Nxb7 Bxb7 16. c3 Bxc3 17. e5 Qc8 18. Qh6 Qc6 19. Bg5 Qg2# 0-1

[Event "Junior Online 4NCL Division 5"]
[Site "online"]
[Date "2020.04.16"]
[Round "1.171"]
[White "Syposz, Adam"]
[Black "Madhavan, Sanjith"]
[Result "0-1"]
[WhiteElo "1337"]
[BlackElo "1498"]
[PlyCount "46"]
[EventDate "2020.04.16"]
[WhiteTeam "Cambridge Chess & Go B"]
[BlackTeam "East Kilbride Knights"]

1. e4 c6 2. Nf3 d5 3. Nc3 Bg4 4. h3 Bxf3 5. Qxf3 e6 6. exd5 cxd5 7. Bb5+ Nc6 8.
O-O Nf6 9. d3 Bd6 10. Bg5 h6 11. Bh4 O-O 12. a3 Nd4 13. Qd1 Nf5 14. Bg3 Nxg3
15. fxg3 Qb6+ 16. Kh1 d4 17. a4 dxc3 18. bxc3 Nd5 19. Qd2 a6 20. Bc4 Ne3 21.
Qxe3 Qxe3 22. Rae1 Qxg3 23. d4 Qh2# 0-1

[Event "Junior Online 4NCL Division 5"]
[Site "online"]
[Date "2020.04.16"]
[Round "1.172"]
[White "Shrestha, Unnabh"]
[Black "Wan, Qiao"]
[Result "1-0"]
[WhiteElo "1084"]
[BlackElo "1082"]
[PlyCount "101"]
[EventDate "2020.04.16"]
[WhiteTeam "East Kilbride Knights"]
[BlackTeam "Cambridge Chess & Go B"]

1. d4 d5 2. Bf4 Nc6 3. e3 Nf6 4. h3 e6 5. Nf3 Bb4+ 6. c3 Bd6 7. Bxd6 cxd6 8.
Bd3 O-O 9. Qc2 Qe7 10. Nbd2 e5 11. Be2 e4 12. Nh2 Bf5 13. O-O-O Rfe8 14. g4 Be6
15. Rdg1 Rac8 16. a3 Na5 17. f3 Nc4 18. Nxc4 dxc4 19. fxe4 Bd7 20. Nf3 Nxe4 21.
h4 d5 22. Nd2 Nf2 23. Rh2 Ne4 24. Bf3 Nxd2 25. Qxd2 Qxe3 26. Qxe3 Rxe3 27. Bxd5
Rce8 28. Bxb7 Re1+ 29. Rxe1 Rxe1+ 30. Kd2 Rb1 31. Kc2 Rg1 32. g5 Bf5+ 33. Kd2
Rb1 34. Ke3 g6 35. Kf4 Rf1+ 36. Ke3 Bg4 37. Rg2 Rf3+ 38. Bxf3 Bxf3 39. Kxf3 a5
40. Re2 f6 41. d5 Kf8 42. d6 fxg5 43. hxg5 h5 44. gxh6 g5 45. d7 Kf7 46. d8=Q
Kg6 47. Re6+ Kh5 48. Qe8+ Kh4 49. Re4+ g4+ 50. Rxg4+ Kh3 51. Qh5# 1-0

[Event "Junior Online 4NCL Division 5"]
[Site "online"]
[Date "2020.04.16"]
[Round "1.173"]
[White "Syposz, Iza"]
[Black "Tandon, Ashley"]
[Result "0-1"]
[WhiteElo "1007"]
[BlackElo "905"]
[PlyCount "82"]
[EventDate "2020.04.16"]
[WhiteTeam "Cambridge Chess & Go B"]
[BlackTeam "East Kilbride Knights"]

1. e4 c6 2. Nf3 d5 3. exd5 cxd5 4. Bb5+ Nc6 5. Bxc6+ bxc6 6. O-O Bg4 7. Nc3 e5
8. h3 Bh5 9. d3 Bd6 10. Bg5 Bxf3 11. Bxd8 Bxd1 12. Nxd1 Rxd8 13. Ne3 Ne7 14. c4
d4 15. Nc2 O-O 16. Na3 f5 17. b3 e4 18. dxe4 Bxa3 19. e5 d3 20. e6 Rfe8 21. c5
Ng6 22. Rfe1 Ne5 23. Rxe5 Bb2 24. Rb1 Bxe5 25. Re1 d2 26. Rd1 Rxe6 27. b4 Bc3
28. a3 a5 29. bxa5 Bxa5 30. a4 Re1+ 31. Kh2 Rxd1 32. g4 fxg4 33. hxg4 Rh1+ 34.
Kg3 d1=Q 35. f3 Qg1+ 36. Kf4 Rd4+ 37. Kg5 Bd2+ 38. Kf5 Rf4+ 39. Kg5 Rxg4+ 40.
Kf5 Qxc5+ 41. Kxg4 Qg5# 0-1

[Event "Junior Online 4NCL Division 5"]
[Site "online"]
[Date "2020.04.16"]
[Round "1.174"]
[White "Nakar Nikunj"]
[Black "Athukorala, Mayumee"]
[Result "1-0"]
[WhiteElo "653"]
[BlackElo "850"]
[PlyCount "73"]
[EventDate "2020.04.16"]
[WhiteTeam "East Kilbride Knights"]
[BlackTeam "Cambridge Chess & Go B"]

1. e4 e5 2. Nf3 Nf6 3. Nxe5 Nxe4 4. Qe2 d6 5. Qxe4 dxe5 6. Qxe5+ Kd7 7. Qd5+
Ke7 8. Qxd8+ Kxd8 9. Nc3 Bd6 10. Bc4 Be5 11. Bxf7 Rf8 12. Bc4 Be6 13. Bxe6 Re8
14. Bf7 Bxc3+ 15. Bxe8 Kxe8 16. dxc3 Nd7 17. O-O Nf6 18. Bg5 Rd8 19. Rfe1+ Kf8
20. Bxf6 gxf6 21. Rad1 Re8 22. Rxe8+ Kxe8 23. Rd3 Kf8 24. Rh3 c6 25. Rxh7 Kg8
26. Rxb7 c5 27. Rxa7 c4 28. Rc7 f5 29. Rxc4 Kh8 30. b4 Kg7 31. b5 Kf8 32. b6
Ke8 33. b7 Kd8 34. b8=Q+ Kd7 35. Qb6 Ke8 36. Rc7 Kf8 37. Qb8# 1-0

[Event "Junior Online 4NCL Division 5"]
[Site "online"]
[Date "2020.04.16"]
[Round "1.175"]
[White "Madhavan, Sanjith"]
[Black "Syposz, Adam"]
[Result "1-0"]
[WhiteElo "1498"]
[BlackElo "1337"]
[PlyCount "35"]
[EventDate "2020.04.16"]
[WhiteTeam "East Kilbride Knights"]
[BlackTeam "Cambridge Chess & Go B"]

1. e4 e5 2. Nf3 d6 3. d4 exd4 4. Nxd4 Nc6 5. Nxc6 bxc6 6. Nc3 Nf6 7. Bd3 d5 8.
O-O dxe4 9. Nxe4 Nxe4 10. Bxe4 Qxd1 11. Rxd1 Bb7 12. Bf4 Rc8 13. Rd2 Bc5 14.
Bf5 Rd8 15. Re1+ Be7 16. Rde2 Rd5 17. Rxe7+ Kd8 18. Bxc7# 1-0

[Event "Junior Online 4NCL Division 5"]
[Site "online"]
[Date "2020.04.16"]
[Round "1.176"]
[White "Wan, Qiao"]
[Black "Shrestha, Unnabh"]
[Result "0-1"]
[WhiteElo "1082"]
[BlackElo "1084"]
[PlyCount "22"]
[EventDate "2020.04.16"]
[WhiteTeam "Cambridge Chess & Go B"]
[BlackTeam "East Kilbride Knights"]

1. e4 c6 2. Nf3 d5 3. Nc3 dxe4 4. Nd4 Qxd4 5. Bc4 Qxc4 6. Qh5 Nf6 7. Qg5 Bg4 8.
Qf4 g6 9. Qc7 Nd5 10. Qxb7 Nxc3 11. Qxa8 Qe2# 0-1

[Event "Junior Online 4NCL Division 5"]
[Site "online"]
[Date "2020.04.16"]
[Round "1.177"]
[White "Tandon, Ashley"]
[Black "Syposz, Iza"]
[Result "1-0"]
[WhiteElo "905"]
[BlackElo "1007"]
[PlyCount "65"]
[EventDate "2020.04.16"]
[WhiteTeam "East Kilbride Knights"]
[BlackTeam "Cambridge Chess & Go B"]

1. d4 d5 2. c4 dxc4 3. e3 Bf5 4. Bxc4 Bxb1 5. Rxb1 e6 6. Nf3 Nc6 7. O-O Na5 8.
Qa4+ Nc6 9. Bb5 Nge7 10. e4 a6 11. Bxc6+ bxc6 12. Bg5 f6 13. Bf4 e5 14. dxe5
fxe5 15. Bg5 h6 16. Bxe7 Bxe7 17. Qxc6+ Qd7 18. Qxa8+ Qd8 19. Qxd8+ Bxd8 20.
Nxe5 Bf6 21. Nc6 O-O 22. e5 Bg5 23. f4 Bxf4 24. Ne7+ Kh8 25. Ng6+ Kh7 26. Nxf8+
Kg8 27. Rxf4 g5 28. Rf5 Kg7 29. e6 Kg8 30. e7 Kg7 31. e8=Q Kg8 32. Qg6+ Kh8 33.
Qh7# 1-0

[Event "Junior Online 4NCL Division 5"]
[Site "online"]
[Date "2020.04.16"]
[Round "1.178"]
[White "Athukorala, Mayumee"]
[Black "Nakar Nikunj"]
[Result "0-1"]
[WhiteElo "850"]
[BlackElo "653"]
[PlyCount "38"]
[EventDate "2020.04.16"]
[WhiteTeam "Cambridge Chess & Go B"]
[BlackTeam "East Kilbride Knights"]

1. d4 d5 2. Nc3 Nf6 3. e3 Nc6 4. Nf3 Bf5 5. g3 e6 6. a4 Bd6 7. Ra3 Bxa3 8. bxa3
O-O 9. Bg2 Be4 10. O-O Bxf3 11. Bxf3 Re8 12. Nxd5 exd5 13. e4 dxe4 14. g4 exf3
15. d5 Nxd5 16. Bb2 Qg5 17. h3 Qh4 18. Kh2 Nf4 19. Rg1 Qxh3# 0-1

[Event "Junior Online 4NCL Division 5"]
[Site "online"]
[Date "2020.04.16"]
[Round "1.181"]
[White "Bhargava, Aarav"]
[Black "Khandelwal, Akshaj"]
[Result "0-1"]
[WhiteElo "820"]
[BlackElo "1150"]
[PlyCount "39"]
[EventDate "2020.04.16"]
[WhiteTeam "Uxbridge Juniors C"]
[BlackTeam "Watford 4"]

1. e4 c6 2. Nc3 d5 3. exd5 cxd5 4. Nxd5 Qxd5 5. Nf3 Nc6 6. b3 Nf6 7. Bc4 Qh5 8.
g4 Qxg4 9. Qe2 Qg2 10. Qe3 Qxh1+ 11. Ke2 Bg4 12. Qd3 Bxf3+ 13. Qxf3 Qxf3+ 14.
Kxf3 Nd4+ 15. Ke3 Nxc2+ 16. Kd3 Nxa1 17. Bb2 Nxb3 18. axb3 e5 19. Bd5 Nxd5 20.
Kc4 0-1

[Event "Junior Online 4NCL Division 5"]
[Site "online"]
[Date "2020.04.16"]
[Round "1.182"]
[White "Demyan, Leo"]
[Black "Chopra, Nipun"]
[Result "1-0"]
[WhiteElo "1157"]
[BlackElo "775"]
[PlyCount "131"]
[EventDate "2020.04.16"]
[WhiteTeam "Watford 4"]
[BlackTeam "Uxbridge Juniors C"]

1. e4 Nc6 2. Nc3 e6 3. Bb5 Bb4 4. Bxc6 Bxc3 5. dxc3 dxc6 6. Qxd8+ Kxd8 7. e5 f6
8. Nf3 fxe5 9. Nxe5 Ke8 10. O-O Nf6 11. Bg5 h6 12. Bxf6 gxf6 13. Nf3 e5 14.
Rfe1 Bg4 15. Nd2 Rd8 16. Ne4 f5 17. Nf6+ Kf7 18. Nxg4 fxg4 19. Rxe5 Kf6 20. Re3
Rd5 21. g3 Kf5 22. Rae1 h5 23. Re7 h4 24. Rf7+ Kg6 25. Rxc7 hxg3 26. fxg3 Rhd8
27. Re6+ Kf5 28. Re1 Rd1 29. Kf2 R8d2+ 30. Re2 b5 31. Rf7+ Kg6 32. Rfe7 Kf5 33.
Rxd2 Rxd2+ 34. Re2 Rxe2+ 35. Kxe2 c5 36. b4 Kf6 37. bxc5 Ke6 38. c6 Kd6 39. Ke3
Kxc6 40. Kf4 Kc5 41. Kxg4 b4 42. cxb4+ Kxb4 43. Kf4 a5 44. h4 Ka3 45. g4 Kxa2
46. h5 Kb2 47. h6 a4 48. h7 a3 49. h8=Q+ Kb1 50. Qb8+ Kxc2 51. Qb4 a2 52. Qa4+
Kb2 53. Qxa2+ Kxa2 54. g5 Kb3 55. g6 Kc4 56. g7 Kd5 57. g8=Q+ Kd4 58. Qe6 Kc5
59. Ke5 Kb5 60. Kd5 Kb4 61. Qc6 Kb3 62. Kd4 Kb4 63. Qc4+ Ka5 64. Qb3 Ka6 65.
Kc5 Ka5 66. Qb5# 1-0

[Event "Junior Online 4NCL Division 5"]
[Site "online"]
[Date "2020.04.16"]
[Round "1.183"]
[White "Bhargava, Arnav"]
[Black "Shah, Prem"]
[Result "0-1"]
[WhiteElo "737"]
[BlackElo "1022"]
[PlyCount "54"]
[EventDate "2020.04.16"]
[WhiteTeam "Uxbridge Juniors C"]
[BlackTeam "Watford 4"]

1. e4 c6 2. Nf3 d5 3. Qe2 e5 4. Nc3 Bd6 5. exd5 cxd5 6. Nxd5 Nc6 7. Ng5 Qxg5 8.
d4 Qd8 9. Qf3 Nxd4 10. Qd3 Bf5 11. Qc4 Nxc2+ 12. Kd1 Nxa1 13. Bd3 Bxd3 14. Qxd3
Nf6 15. Nxf6+ Qxf6 16. Qg3 O-O 17. Bh6 Qxh6 18. Re1 e4 19. Rxe4 Bxg3 20. fxg3
Rad8+ 21. Ke2 Qd2+ 22. Kf3 Rd3+ 23. Kg4 Qxg2 24. Rf4 Re8 25. Kg5 Re5+ 26. Kg4
Qe2+ 27. Kh4 Qh5# 0-1

[Event "Junior Online 4NCL Division 5"]
[Site "online"]
[Date "2020.04.16"]
[Round "1.184"]
[White "Arora, Aarav"]
[Black "Chopra, Raashi"]
[Result "1-0"]
[WhiteElo "1007"]
[BlackElo "700"]
[PlyCount "91"]
[EventDate "2020.04.16"]
[WhiteTeam "Watford 4"]
[BlackTeam "Uxbridge Juniors C"]

1. e4 Nf6 2. Nc3 e5 3. Nf3 d6 4. Bc4 c6 5. Ng5 h6 6. Nxf7 Qd7 7. Nxh8 Na6 8.
Bf7+ Ke7 9. d3 Ng8 10. Bxg8 d5 11. exd5 cxd5 12. Nxd5+ Kd6 13. Nf7+ Kxd5 14.
Nxh6+ Kd6 15. Nf7+ Ke7 16. Bg5+ Ke6 17. Qg4+ Kd5 18. Qe4+ Ke6 19. Nxe5+ Kd6 20.
Nxd7 Bxd7 21. Bf4+ Kc5 22. Qd4+ Kxd4 23. O-O Re8 24. Rae1 Rc8 25. Re4+ Kc5 26.
d4+ Kb5 27. c4+ Kb4 28. a3+ Kb3 29. c5+ Kxb2 30. Re2+ Kxa3 31. Ra1+ Kb4 32.
Rb2+ Kc3 33. Rxb7 Bc6 34. Rxa7 Ra8 35. R1xa6 Bxc5 36. dxc5 Rxg8 37. Rxc6 Rf8
38. Be5+ Kc2 39. Bxg7 Rf7 40. Rxf7 Kd3 41. Rd6+ Kc2 42. c6 Kb1 43. c7 Kc1 44.
c8=Q+ Kb1 45. Rb6+ Ka2 46. Qa8# 1-0

[Event "Junior Online 4NCL Division 5"]
[Site "online"]
[Date "2020.04.16"]
[Round "1.185"]
[White "Khandelwal, Akshaj"]
[Black "Bhargava, Aarav"]
[Result "1-0"]
[WhiteElo "1150"]
[BlackElo "820"]
[PlyCount "31"]
[EventDate "2020.04.16"]
[WhiteTeam "Watford 4"]
[BlackTeam "Uxbridge Juniors C"]

1. e4 e5 2. Nf3 Nc6 3. d4 Nf6 4. dxe5 Nxe4 5. Bd3 Ng5 6. Nxg5 h6 7. Nf3 d5 8.
exd6 Bxd6 9. O-O Qf6 10. Re1+ Be7 11. Nc3 O-O 12. Nd5 Qd6 13. Nxe7+ Nxe7 14.
Qd2 Qg6 15. Bxg6 fxg6 16. Rxe7 1-0